[Event "EOBCC 2020"]
[Site "Online"]
[Date "2020.12.18"]
[Round "3.51"]
[White "Ponkratov, Pavel"]
[Black "Sorensen, Hampus"]
[Result "1-0"]
[WhiteElo "2625"]
[BlackElo "2395"]
[PlyCount "73"]
[EventDate "2020.12.18"]
[EventType "tourn"]
[EventCountry "NET"]

1. d4 d5 2. c4 c6 3. Nc3 Nf6 4. e3 e6 5. g4 h6 6. h4 Nbd7 7. Rh3 dxc4 8. g5 Nd5 9. e4 Nxc3 10. bxc3 b5 11. g6 f6 12. a4 Nb6 13. axb5 cxb5 14. Re3 Bb7 15. d5 Bc5 16. Qg4 exd5 17. Re2 O-O 18. Qh5 Re8 19. Bh3 Qc7 20. e5 Rxe5 21. Bf5 Rae8 22. Rxa7 Na4 23. Bxh6 Rxe2+ 24. Nxe2 gxh6 25. Qxh6 Bxa7 26. Kf1 Qg7 27. Qh5 Nc5 28. Nf4 Bc8 29. Bxc8 Rxc8 30. Qxd5+ Kh8 31. Qh5+ Kg8 32. Qf5 Re8 33. Nh5 Qe7 34. Nxf6+ Kg7 35. Nxe8+ Qxe8 36. h5 Qe7 37. Qc8 1-0

[Event "EOBCC 2020"]
[Site "Online"]
[Date "2020.12.18"]
[Round "3.52"]
[White "Moranda, Wojciech"]
[Black "Tsvetkov, Andrey"]
[Result "1-0"]
[WhiteElo "2618"]
[BlackElo "2395"]
[PlyCount "89"]
[EventDate "2020.12.18"]
[EventType "tourn"]
[EventCountry "NET"]

1. d4 d5 2. c4 e6 3. Nf3 Nf6 4. Nc3 c6 5. e3 Nbd7 6. Bd3 dxc4 7. Bxc4 b5 8. Bd3 a6 9. e4 c5 10. d5 c4 11. Bc2 e5 12. O-O Bd6 13. Be3 O-O 14. Qe2 Bb7 15. Rfc1 Qc7 16. a4 b4 17. Nd1 Rfc8 18. Nd2 c3 19. bxc3 bxc3 20. Bd3 Bb4 21. Nb1 Qa5 22. Na3 Nc5 23. Nc4 Qc7 24. Bxc5 Qxc5 25. Nxc3 Qd4 26. Nd1 Rc7 27. Nde3 Bf8 28. Nf5 Qa7 29. Nxe5 Rxc1+ 30. Rxc1 Re8 31. Nc6 Qb6 32. Qf3 Ba8 33. Nh6+ Kh8 34. Nxf7+ Kg8 35. Nh6+ Kh8 36. Nf5 Bc5 37. h3 Rf8 38. a5 Qb2 39. Rxc5 Nd7 40. Rc2 Qa1+ 41. Kh2 Bxc6 42. dxc6 Ne5 43. Qg3 Nxd3 44. Qxd3 Qe5+ 45. Qg3 1-0

[Event "EOBCC 2020"]
[Site "Online"]
[Date "2020.12.18"]
[Round "3.53"]
[White "Indjic, Aleksandar"]
[Black "Havlik, Jan"]
[Result "1-0"]
[WhiteElo "2604"]
[BlackElo "2393"]
[PlyCount "55"]
[EventDate "2020.12.18"]
[EventType "tourn"]
[EventCountry "NET"]

1. d4 Nf6 2. c4 g6 3. Nc3 Bg7 4. Nf3 d6 5. Bg5 O-O 6. e3 c5 7. d5 b5 8. cxb5 a6 9. a4 axb5 10. Bxb5 Ba6 11. O-O Nbd7 12. e4 Bxb5 13. axb5 Nb6 14. Bxf6 Bxf6 15. Qe2 Qd7 16. h3 c4 17. Qe3 Bxc3 18. bxc3 Rxa1 19. Rxa1 Qxb5 20. Ra7 Nc8 21. Rc7 Qa5 22. Rxc4 Nb6 23. Rc6 Na4 24. Qh6 f6 25. Nd4 Nc5 26. Kh2 Qa1 27. Rc7 Qxc3 28. Rxe7 1-0

[Event "EOBCC 2020"]
[Site "Online"]
[Date "2020.12.18"]
[Round "3.54"]
[White "Vedrickas, Tautvydas"]
[Black "Stocek, Jiri"]
[Result "0-1"]
[WhiteElo "2395"]
[BlackElo "2604"]
[PlyCount "60"]
[EventDate "2020.12.18"]
[EventType "tourn"]
[EventCountry "NET"]

1. d4 Nf6 2. c4 e6 3. Nc3 Bb4 4. Qc2 d6 5. e4 c5 6. dxc5 dxc5 7. e5 Nfd7 8. Nf3 Nc6 9. a3 Qa5 10. Bf4 Nd4 11. Nxd4 cxd4 12. axb4 Qxa1+ 13. Nd1 a5 14. b5 a4 15. Bd3 a3 16. bxa3 Qxa3 17. O-O Nc5 18. Nb2 Qb3 19. Qxb3 Nxb3 20. Be4 Nc5 21. Bf3 Ra2 22. Rb1 h6 23. b6 Ke7 24. Bd2 Na6 25. c5 Rd8 26. c6 bxc6 27. Nc4 Bb7 28. Nd6 Rxd6 29. exd6+ Kxd6 30. g4 Rxd2 0-1

[Event "EOBCC 2020"]
[Site "Online"]
[Date "2020.12.18"]
[Round "3.55"]
[White "Banikas, Hristos"]
[Black "Megalios, Konstantinos"]
[Result "1-0"]
[WhiteElo "2602"]
[BlackElo "2390"]
[PlyCount "55"]
[EventDate "2020.12.18"]
[EventType "tourn"]
[EventCountry "NET"]

1. Nf3 d5 2. c4 d4 3. g3 Nc6 4. Bg2 e5 5. O-O e4 6. Ne1 h5 7. Bxe4 h4 8. d3 Bh3 9. Nf3 Qd7 10. Re1 Nf6 11. e3 hxg3 12. fxg3 Nxe4 13. exd4 Nxd4 14. Rxe4+ Ne6 15. d4 O-O-O 16. Nc3 Bf5 17. Re5 Bg4 18. Be3 Bd6 19. Ra5 a6 20. Ne4 f5 21. Nxd6+ Qxd6 22. Rd5 Qc6 23. Rxd8+ Rxd8 24. Ne5 Qe4 25. Nxg4 fxg4 26. Bf4 Nxd4 27. Qxg4+ Kb8 28. Bxc7+ 1-0

[Event "EOBCC 2020"]
[Site "Online"]
[Date "2020.12.18"]
[Round "3.56"]
[White "Baskin, Robert"]
[Black "Bosiocic, Marin"]
[Result "1/2-1/2"]
[WhiteElo "2390"]
[BlackElo "2602"]
[Annotator "TA"]
[PlyCount "101"]
[EventDate "2020.12.18"]
[EventType "tourn"]
[EventCountry "NET"]

1. d4 d6 2. e4 Nf6 3. Nc3 e5 4. dxe5 dxe5 5. Qxd8+ Kxd8 6. Bc4 Ke8 7. Nf3 Bd6 8. Bg5 c6 9. O-O-O Bc7 10. Bxf6 gxf6 11. Nh4 Be6 12. Bb3 Nd7 13. Nf5 Nc5 14. Rd2 a5 15. Rhd1 a4 16. Bxe6 fxe6 17. Nd6+ Bxd6 18. Rxd6 Ke7 19. f3 h5 20. b4 axb3 21. cxb3 Rhd8 22. Rxd8 Rxd8 23. Rxd8 Kxd8 24. Kd2 Ke7 25. b4 Na6 26. a3 b5 27. Kc2 f5 28. Kb3 Nb8 29. a4 bxa4+ 30. Kxa4 Nd7 31. Ka5 h4 32. Ka6 Kd6 33. Na4 Nf8 34. Kb7 Ng6 35. g3 h3 36. Nc5 f4 37. gxf4 exf4 38. Nd3 e5 39. Kb6 Nh4 40. Ne1 Ng2 41. Nd3 Nh4 42. Ne1 Kd7 43. b5 cxb5 44. Kxb5 Kd6 45. Kc4 Ng2 46. Nc2 Kc6 47. Kb4 Nh4 48. Ne1 Kd6 49. Kc4 Ng6 50. Nd3 Nh4 51. Ne1 1/2-1/2

[Event "EOBCC 2020"]
[Site "Online"]
[Date "2020.12.18"]
[Round "3.57"]
[White "Shevchenko, Kirill"]
[Black "Remizov, Yaroslav"]
[Result "1-0"]
[WhiteElo "2592"]
[BlackElo "2385"]
[PlyCount "143"]
[EventDate "2020.12.18"]
[EventType "tourn"]
[EventCountry "NET"]

1. e4 c6 2. Nc3 d5 3. Nf3 dxe4 4. Nxe4 Nf6 5. Qe2 Nxe4 6. Qxe4 Qd5 7. Qf4 Qe6+ 8. Be2 Qg4 9. Qg3 g6 10. d4 Bg7 11. c3 O-O 12. Bf4 Qxg3 13. hxg3 Nd7 14. O-O-O Nf6 15. Bd3 Bg4 16. Rde1 Rfe8 17. Ne5 Be6 18. Kb1 Nd5 19. Bc1 Rad8 20. Bc2 a6 21. g4 Bxe5 22. Rxe5 Bxg4 23. f3 Bc8 24. g4 f6 25. Re2 e5 26. Reh2 Re7 27. dxe5 Rf8 28. exf6 Nxf6 29. Bg5 Be6 30. b3 Bd5 31. Rh3 Ref7 32. c4 Be6 33. Re1 Bc8 34. Reh1 b5 35. cxb5 cxb5 36. Be3 h5 37. Bxg6 Rg7 38. Bxh5 Nxh5 39. Rxh5 Rxf3 40. Bd4 Rxg4 41. Rh8+ Kf7 42. Bc5 Bf5+ 43. Ka1 Ke6 44. Rd8 Rg2 45. Re1+ Kf6 46. Rf8+ Kg7 47. Rfe8 a5 48. R1e7+ Kg6 49. Rg8+ Kf6 50. Rxg2 Rf1+ 51. Kb2 b4 52. Rc2 Bxc2 53. Kxc2 Rf5 54. Rc7 Rh5 55. Kd3 Rh2 56. Bd4+ Ke6 57. Rc2 Rh5 58. Kc4 Kd6 59. Rf2 Kc6 60. Rf6+ Kb7 61. Re6 Rh2 62. Kb5 Rxa2 63. Re7+ Kc8 64. Kc6 Kd8 65. Re3 Rc2+ 66. Bc5 Rc3 67. Rxc3 bxc3 68. Kb5 c2 69. Ba3 Kd7 70. Kxa5 Kc6 71. Kb4 Kd5 72. Kc3 1-0

[Event "EOBCC 2020"]
[Site "Online"]
[Date "2020.12.18"]
[Round "3.58"]
[White "Safarli, Eltaj"]
[Black "Bashirli, Nail"]
[Result "0-1"]
[WhiteElo "2598"]
[BlackElo "2382"]
[PlyCount "124"]
[EventDate "2020.12.18"]
[EventType "tourn"]
[EventCountry "NET"]

1. e4 Nf6 2. e5 Nd5 3. Nc3 Nxc3 4. dxc3 d6 5. Nf3 Nc6 6. Bf4 g6 7. Bb5 Bg7 8. O-O O-O 9. Bxc6 bxc6 10. h3 c5 11. Qe2 Bb7 12. Rad1 Qc8 13. Bg3 Re8 14. Rfe1 a5 15. a4 Bc6 16. b3 Qf5 17. Rd3 Rab8 18. c4 f6 19. e6 g5 20. Nh2 Qg6 21. f4 h5 22. Rf1 h4 23. f5 Qh7 24. Be1 Ra8 25. Ng4 Red8 26. Bc3 Kf8 27. Ne3 Ke8 28. Rdd1 Rdb8 29. Qd2 Bh6 30. Ng4 Be4 31. Bxf6 Bxf5 32. Nxh6 Qxh6 33. Bxg5 Qg6 34. Rde1 Bxe6 35. Re2 Kd7 36. Rfe1 Rg8 37. Rxe6 Qxg5 38. Qxg5 Rxg5 39. Rxe7+ Kc6 40. Re8 Rxe8 41. Rxe8 d5 42. Re6+ Kd7 43. cxd5 Rxd5 44. Re4 Rd1+ 45. Kh2 Rd2 46. Rxh4 Rxc2 47. Rc4 Rb2 48. Rxc5 Rxb3 49. Rxa5 Kd6 50. Ra8 c5 51. a5 c4 52. a6 Ra3 53. h4 Kc7 54. Re8 c3 55. Re2 Rxa6 56. g4 Rb6 57. Kg3 Rb2 58. Re1 Kd6 59. h5 c2 60. Rc1 Ke5 61. Kh4 Kf4 62. h6 Rb1 0-1

[Event "EOBCC 2020"]
[Site "Online"]
[Date "2020.12.18"]
[Round "3.59"]
[White "Mammadova, Gulnar"]
[Black "Sargsyan, Shant"]
[Result "0-1"]
[WhiteElo "2382"]
[BlackElo "2596"]
[PlyCount "126"]
[EventDate "2020.12.18"]
[EventType "tourn"]
[EventCountry "NET"]

1. e4 c5 2. Nf3 d6 3. Bb5+ Nd7 4. a4 a6 5. Bc4 e6 6. Nc3 Ngf6 7. d4 cxd4 8. Nxd4 Qc7 9. Ba2 Nc5 10. Qe2 Be7 11. O-O O-O 12. h3 b6 13. b4 Ncd7 14. Bb2 Re8 15. Rad1 Bb7 16. f4 Rac8 17. Nf3 d5 18. exd5 exd5 19. Qd3 Bxb4 20. Nxd5 Bxd5 21. Bxd5 Qxc2 22. Ng5 Nxd5 23. Qxd5 Qc5+ 24. Kh1 Qxd5 25. Rxd5 Nf8 26. Bd4 Bc5 27. Bxc5 bxc5 28. Rc1 c4 29. Rd4 c3 30. Rd3 h6 31. Nf3 Re4 32. Rdxc3 Rxc3 33. Rxc3 Rxf4 34. a5 Rf5 35. Ra3 Ne6 36. Kh2 g5 37. Nd2 Kg7 38. Nc4 Rc5 39. Nd6 Nf4 40. Ra2 Rd5 41. Ne8+ Kg6 42. Nc7 Rd6 43. Rb2 f6 44. Rb6 Rd2 45. Rxa6 Rxg2+ 46. Kh1 Ra2 47. Ne8 Nxh3 48. Rxf6+ Kh5 49. Ng7+ Kg4 50. Nf5 Nf4 51. Nxh6+ Kh3 52. Kg1 Rxa5 53. Kf2 Ra2+ 54. Kf3 Ra3+ 55. Ke4 Ne2 56. Rf3+ Ng3+ 57. Rxg3+ Kxg3 58. Kf5 Ra5+ 59. Kg6 g4 60. Kh7 Kf3 61. Kh8 Rh5 62. Kg7 Rxh6 63. Kxh6 g3 0-1

[Event "EOBCC 2020"]
[Site "Online"]
[Date "2020.12.18"]
[Round "3.60"]
[White "Can, Isik"]
[Black "Keymer, Vincent"]
[Result "1-0"]
[WhiteElo "2380"]
[BlackElo "2588"]
[PlyCount "59"]
[EventDate "2020.12.18"]
[EventType "tourn"]
[EventCountry "NET"]

1. e4 c6 2. d4 d5 3. Nd2 dxe4 4. Nxe4 Bf5 5. Ng3 Bg6 6. h4 h6 7. Nf3 Nd7 8. h5 Bh7 9. Bd3 Bxd3 10. Qxd3 e6 11. Bd2 Ngf6 12. O-O-O Be7 13. Ne4 Qb6 14. Nxf6+ Nxf6 15. Qe2 O-O 16. g4 Qb5 17. c4 Qa6 18. g5 hxg5 19. Bxg5 Qxa2 20. h6 Ba3 21. hxg7 Qa1+ 22. Kd2 Qxb2+ 23. Ke1 Kxg7 24. Qe5 Qc3+ 25. Ke2 Qxc4+ 26. Rd3 Qc2+ 27. Nd2 Rg8 28. Bh6+ Kh7 29. Bf8+ Kg6 30. Rg3+ 1-0

[Event "EOBCC 2020"]
[Site "Online"]
[Date "2020.12.18"]
[Round "3.61"]
[White "Dudin, Gleb"]
[Black "Kobalia, Mikhail"]
[Result "0-1"]
[WhiteElo "2395"]
[BlackElo "2590"]
[PlyCount "66"]
[EventDate "2020.12.18"]
[EventType "tourn"]
[EventCountry "NET"]

1. d4 Nf6 2. c4 g6 3. Nc3 Bg7 4. e4 O-O 5. Nf3 d6 6. h3 e5 7. d5 a5 8. Be3 Na6 9. g4 Nc5 10. Nd2 a4 11. Be2 c6 12. Kf1 Qa5 13. a3 Bd7 14. h4 cxd5 15. cxd5 b5 16. g5 Ne8 17. h5 Rb8 18. Na2 f5 19. gxf6 Nxf6 20. hxg6 hxg6 21. Rh4 Kf7 22. Nf3 Rh8 23. Bxc5 Rxh4 24. Nxh4 dxc5 25. Qd3 Rh8 26. Qg3 Rh6 27. Bf3 Qd2 28. Kg2 Qxb2 29. Rh1 Qxa2 30. Qxe5 Ng4 31. Qf4+ Nf6 32. e5 Qc4 33. e6+ Ke7 0-1

[Event "EOBCC 2020"]
[Site "Online"]
[Date "2020.12.18"]
[Round "3.62"]
[White "Balajayeva, Khanim"]
[Black "Balog, Imre"]
[Result "0-1"]
[WhiteElo "2376"]
[BlackElo "2578"]
[PlyCount "66"]
[EventDate "2020.12.18"]
[EventType "tourn"]
[EventCountry "NET"]

1. e4 e6 2. d4 d5 3. Nc3 Nc6 4. exd5 exd5 5. Nf3 Nf6 6. Bd3 Bg4 7. Be3 Bb4 8. h3 Bh5 9. a3 Bxc3+ 10. bxc3 O-O 11. O-O Re8 12. Rb1 Na5 13. g4 Bg6 14. Ne5 Ne4 15. Bd2 c6 16. Be1 b5 17. f4 f6 18. Nf3 Nc4 19. Bxc4 dxc4 20. a4 a6 21. Nh4 Qd5 22. Qf3 f5 23. gxf5 Bxf5 24. Kh2 Bd7 25. Rg1 Nf6 26. Qxd5+ Nxd5 27. Bg3 Re2+ 28. Kh1 Nxc3 29. Rbe1 Rae8 30. axb5 cxb5 31. Nf3 Bc6 32. Ref1 R8e3 33. Be1 Rxf3 0-1

[Event "EOBCC 2020"]
[Site "Online"]
[Date "2020.12.18"]
[Round "3.63"]
[White "Haring, Filip"]
[Black "Aleksandrov, Aleksej"]
[Result "0-1"]
[WhiteElo "2376"]
[BlackElo "2574"]
[PlyCount "56"]
[EventDate "2020.12.18"]
[EventType "tourn"]
[EventCountry "NET"]

1. e4 e5 2. Nf3 Nc6 3. d4 exd4 4. Nxd4 Nf6 5. Nxc6 bxc6 6. e5 Qe7 7. Qe2 Nd5 8. c4 Nb6 9. Nd2 a5 10. Qe4 g6 11. Bd3 Bg7 12. O-O O-O 13. Re1 d5 14. exd6 Qxd6 15. Qe2 Bg4 16. Qxg4 Qxd3 17. c5 Nd5 18. Nf3 Rae8 19. Bd2 Bxb2 20. Rab1 Bg7 21. h4 Qa3 22. h5 Qxa2 23. h6 Bh8 24. Qd7 Nf6 25. Qxc6 Ne4 26. Qxc7 Nxd2 27. Rxe8 Nxf3+ 28. gxf3 Qxb1+ 0-1

[Event "EOBCC 2020"]
[Site "Online"]
[Date "2020.12.18"]
[Round "3.64"]
[White "Paichadze, Luka"]
[Black "Psyk, Radoslaw"]
[Result "1-0"]
[WhiteElo "2565"]
[BlackElo "2375"]
[PlyCount "115"]
[EventDate "2020.12.18"]
[EventType "tourn"]
[EventCountry "NET"]

1. e4 c5 2. Nf3 e6 3. c3 d5 4. e5 d4 5. Bd3 Nc6 6. O-O Nge7 7. Qe2 Ng6 8. g3 Be7 9. h4 Qc7 10. Re1 h6 11. Na3 Nf8 12. cxd4 Nxd4 13. Nxd4 cxd4 14. b3 Bd7 15. Bb2 Bc6 16. Nb5 Qa5 17. Nxd4 Bd5 18. Be4 Nd7 19. Bc3 Qc5 20. Rac1 Bxe4 21. Qxe4 Qb6 22. Nf3 Nc5 23. Qe2 O-O 24. d4 Na6 25. Bd2 Nc7 26. Be3 Nd5 27. Nd2 Rfc8 28. Ne4 Qd8 29. Red1 Ba3 30. Rc4 a6 31. Qg4 Kh8 32. Qf3 Qe7 33. Rd2 b5 34. Rxc8+ Rxc8 35. Kg2 Qb7 36. Re2 Qe7 37. Bd2 Bb2 38. Qh5 Kg8 39. Be3 Ba3 40. Qg4 Kh8 41. Qh5 Qf8 42. Qf3 Bb4 43. g4 Qe7 44. g5 h5 45. Qxh5+ Kg8 46. Qf3 Qb7 47. h5 Nc3 48. Nxc3 Qxf3+ 49. Kxf3 Rxc3 50. Ke4 Kf8 51. d5 exd5+ 52. Kxd5 Ke7 53. h6 gxh6 54. gxh6 Rd3+ 55. Ke4 Rc3 56. h7 Rc8 57. Bg5+ Ke6 58. Bf6 1-0

[Event "EOBCC 2020"]
[Site "Online"]
[Date "2020.12.18"]
[Round "3.65"]
[White "Seul, Georg"]
[Black "Thybo, Jesper Sondergaard"]
[Result "0-1"]
[WhiteElo "2372"]
[BlackElo "2565"]
[PlyCount "70"]
[EventDate "2020.12.18"]
[EventType "tourn"]
[EventCountry "NET"]

1. e4 c5 2. d3 Nc6 3. f4 g6 4. Nf3 Bg7 5. Be2 d6 6. O-O e6 7. c3 Nge7 8. Be3 O-O 9. d4 cxd4 10. cxd4 b6 11. Nc3 Bb7 12. Rc1 Rc8 13. Bd3 Na5 14. Qe2 Rc7 15. f5 exf5 16. exf5 Nd5 17. Nxd5 Rxc1 18. Bxc1 Bxd5 19. Qf2 Nc6 20. Qh4 Qxh4 21. Nxh4 Bxd4+ 22. Kh1 Bxa2 23. Bh6 Bg7 24. Bxg7 Kxg7 25. f6+ Kg8 26. Be4 d5 27. Bf3 Bc4 28. Re1 Rd8 29. g4 h6 30. Bg2 a5 31. Nf3 b5 32. Nd2 Kf8 33. h4 a4 34. g5 hxg5 35. hxg5 Nd4 0-1

[Event "EOBCC 2020"]
[Site "Online"]
[Date "2020.12.18"]
[Round "3.66"]
[White "Rodin, Dmitrij"]
[Black "Solodovnichenko, Yuri"]
[Result "1/2-1/2"]
[WhiteElo "2370"]
[BlackElo "2544"]
[PlyCount "83"]
[EventDate "2020.12.18"]
[EventType "tourn"]
[EventCountry "NET"]

1. e4 c5 2. Nf3 e6 3. d4 cxd4 4. Nxd4 Nc6 5. Nc3 d6 6. Be3 Nf6 7. f4 Be7 8. Qf3 e5 9. Nf5 Bxf5 10. exf5 Nd4 11. Bxd4 exd4 12. Nb5 Qa5+ 13. c3 dxc3 14. Qxc3 Qxc3+ 15. Nxc3 O-O-O 16. O-O-O d5 17. Be2 Bc5 18. Kc2 Be3 19. Bf3 d4 20. Ne2 Nd5 21. g3 Rhe8 22. a3 Ne7 23. Bg4 Kb8 24. Rd3 Bf2 25. Rf1 Nxf5 26. Rxf2 Ne3+ 27. Rxe3 dxe3 28. Rf1 f5 29. Bf3 Rd2+ 30. Kb3 Red8 31. h3 a6 32. Nc3 Rf2 33. Be2 Rd2 34. Rxf2 exf2 35. Bf1 b5 36. Ka2 a5 37. Bxb5 Rd6 38. Bf1 Rg6 39. Ne2 Rd6 40. Nc3 Rg6 41. Ne2 Rd6 42. Nc3 1/2-1/2

[Event "EOBCC 2020"]
[Site "Online"]
[Date "2020.12.18"]
[Round "3.67"]
[White "Stefansson, Hannes"]
[Black "Krastev, Alexander"]
[Result "1/2-1/2"]
[WhiteElo "2536"]
[BlackElo "2367"]
[PlyCount "85"]
[EventDate "2020.12.18"]
[EventType "tourn"]
[EventCountry "NET"]

1. e4 c5 2. Nf3 g6 3. c4 Bg7 4. d4 Nc6 5. dxc5 Qa5+ 6. Bd2 Qxc5 7. Bc3 Bxc3+ 8. Nxc3 Nf6 9. Be2 O-O 10. O-O d6 11. Rc1 Bg4 12. b3 e6 13. h3 Bxf3 14. Bxf3 Nd4 15. Qd3 a6 16. Rfd1 e5 17. g3 Rfd8 18. Bg2 Rac8 19. Kh2 Qa5 20. f4 b5 21. cxb5 axb5 22. Rf1 b4 23. Na4 Nh5 24. Rc4 Rc7 25. f5 Rdc8 26. Rfc1 Rxc4 27. Rxc4 Rc7 28. Bf1 Nf6 29. Bg2 Kg7 30. g4 h6 31. Nb2 Rxc4 32. Nxc4 Qxa2 33. Nxd6 Qxb3 34. Qa6 Qe3 35. Qc4 Qf4+ 36. Kh1 h5 37. Qxf7+ Kh6 38. Qf8+ Kg5 39. Qd8 Qc1+ 40. Kh2 Qf4+ 41. Kh1 Qc1+ 42. Kh2 Qf4+ 43. Kh1 1/2-1/2

[Event "EOBCC 2020"]
[Site "Online"]
[Date "2020.12.18"]
[Round "3.68"]
[White "Mroziak, Maciej"]
[Black "Nasuta, Grzegorz"]
[Result "1/2-1/2"]
[WhiteElo "2369"]
[BlackElo "2535"]
[PlyCount "164"]
[EventDate "2020.12.18"]
[EventType "tourn"]
[EventCountry "NET"]

1. e4 c5 2. Nf3 d6 3. d4 cxd4 4. Nxd4 Nf6 5. Nc3 e6 6. Bc4 Be7 7. Bb3 O-O 8. O-O Na6 9. f4 Nc5 10. Qf3 a6 11. f5 Qc7 12. Bg5 b5 13. fxe6 fxe6 14. Nf5 Nxb3 15. Nxe7+ Qxe7 16. axb3 Bb7 17. Rae1 Rac8 18. Qd3 Rc5 19. Bh4 Rh5 20. Bg3 Rd8 21. b4 d5 22. exd5 Nxd5 23. Nxd5 Bxd5 24. Qc3 Qb7 25. Rf2 Rc8 26. Qd2 Rf5 27. Rxf5 exf5 28. c3 Be4 29. Rd1 Qc6 30. Qf2 Qe8 31. Qa7 Ra8 32. Qc7 Rc8 33. Qa7 Ra8 34. Qc7 Rc8 35. Qb6 Rc6 36. Qa7 Bc2 37. Re1 Re6 38. Rxe6 Qxe6 39. Qb8+ Kf7 40. Qe5 Qc4 41. Qc7+ Kg6 42. Qxc4 bxc4 43. Kf2 Kf6 44. Ke3 g5 45. Kd4 f4 46. Bf2 Bd3 47. Kc5 Ke5 48. Kb6 Be4 49. g3 Kd5 50. gxf4 gxf4 51. Kxa6 Kc6 52. b5+ Kc7 53. b6+ Kc8 54. Kb5 Bd5 55. Kc5 Bf7 56. Kd6 Kb7 57. Ke5 f3 58. Ke4 Bh5 59. Kd4 Bf7 60. Ke5 Bg6 61. h4 Bd3 62. Kf6 Be2 63. Kg7 Bd3 64. h5 Bc2 65. Kf6 Bd3 66. Ke5 Be2 67. Kd4 Kc6 68. Ke4 Kb7 69. Ke5 Kc6 70. Ke6 Kb7 71. Kd5 Bd3 72. Kc5 Be2 73. Kb4 Bd3 74. b3 cxb3 75. Kxb3 Kc6 76. c4 Be2 77. Kc3 Bf1 78. Kd4 Kxb6 79. Ke4+ Kc6 80. c5 Be2 81. Ke5 Bd3 82. Kf4 Be2 1/2-1/2

[Event "EOBCC 2020"]
[Site "Online"]
[Date "2020.12.18"]
[Round "3.69"]
[White "Villegas, Pierre"]
[Black "Olszewski, Michal"]
[Result "0-1"]
[WhiteElo "2367"]
[BlackElo "2525"]
[PlyCount "116"]
[EventDate "2020.12.18"]
[EventType "tourn"]
[EventCountry "NET"]

1. d4 Nf6 2. c4 e6 3. Nc3 Bb4 4. f3 c5 5. d5 exd5 6. cxd5 O-O 7. e4 d6 8. Nge2 Nbd7 9. Ng3 a6 10. a4 Ne5 11. Be2 c4 12. Be3 Rb8 13. O-O b5 14. axb5 axb5 15. f4 Ned7 16. Ba7 Rb7 17. Bd4 Re8 18. Bf3 Bc5 19. Bxc5 Nxc5 20. e5 dxe5 21. d6 Rb6 22. fxe5 Rxe5 23. Qd4 Qxd6 24. Qxd6 Rxd6 25. Nxb5 Rd8 26. Ra8 Ree8 27. Nc7 Rf8 28. Rc1 Nd3 29. Rxc4 Ne5 30. Rc1 Nxf3+ 31. gxf3 Bb7 32. Rxd8 Rxd8 33. b4 Bxf3 34. b5 h5 35. Nf5 g6 36. Ne7+ Kg7 37. b6 Rd6 38. Rb1 Bb7 39. Ned5 Nd7 40. Ne8+ Kf8 41. Nxd6 Bxd5 42. b7 Nb8 43. Nc8 Ke8 44. Rd1 Be6 45. Rd6 h4 46. Na7 Ke7 47. Rb6 Kd8 48. Nc6+ Kc7 49. Nxb8 Kxb6 50. Nd7+ Kxb7 51. Ne5 h3 52. Kf2 Kc7 53. Kg3 Kd6 54. Nf3 f6 55. Kf4 g5+ 56. Ke4 g4 57. Nd4 g3 58. Nf3 Bd5+ 0-1

[Event "EOBCC 2020"]
[Site "Online"]
[Date "2020.12.18"]
[Round "3.70"]
[White "Barp, Alberto"]
[Black "Djukic, Nikola"]
[Result "1-0"]
[WhiteElo "2366"]
[BlackElo "2521"]
[PlyCount "69"]
[EventDate "2020.12.18"]
[EventType "tourn"]
[EventCountry "NET"]

1. d4 Nf6 2. c4 g6 3. g3 Bg7 4. Bg2 O-O 5. Nc3 d6 6. Nf3 Nc6 7. O-O a6 8. b3 Rb8 9. d5 Na5 10. Bg5 c5 11. dxc6 Nxc6 12. Rc1 Qa5 13. Qd2 Bd7 14. Bxf6 Bxf6 15. Nd5 Qxd2 16. Nxf6+ Kg7 17. Nh5+ Kh6 18. Nxd2 Kxh5 19. c5 dxc5 20. Rxc5+ Kh6 21. Nc4 Rfd8 22. Nb6 Be8 23. Nd5 Rd6 24. Rfc1 Rbd8 25. e3 Kg7 26. h4 e6 27. Nc7 Nb4 28. Nxe8+ Rxe8 29. Rc7 b6 30. a3 Nd3 31. Rd1 Red8 32. Rc6 Rxc6 33. Bxc6 Rc8 34. Bb7 Rc2 35. Rxd3 1-0

[Event "EOBCC 2020"]
[Site "Online"]
[Date "2020.12.18"]
[Round "3.71"]
[White "Gumularz, Szymon"]
[Black "Mischuk, Dmitry"]
[Result "1-0"]
[WhiteElo "2516"]
[BlackElo "2364"]
[PlyCount "99"]
[EventDate "2020.12.18"]
[EventType "tourn"]
[EventCountry "NET"]

1. e4 c5 2. c3 d5 3. exd5 Qxd5 4. d4 Nc6 5. Nf3 cxd4 6. cxd4 e5 7. Nc3 Bb4 8. Bd2 Bxc3 9. Bxc3 e4 10. Ne5 Nxe5 11. dxe5 Ne7 12. Qa4+ Bd7 13. Qa3 e3 14. f3 Qe6 15. Rd1 Nd5 16. Bc4 Bc6 17. O-O Rd8 18. Qxa7 O-O 19. Bxd5 Bxd5 20. Qxe3 Bxa2 21. Rxd8 Rxd8 22. Ra1 Bc4 23. h3 h5 24. Qg5 Rc8 25. Qxh5 Bd3 26. Rd1 Bg6 27. Qg4 Bf5 28. Qb4 Qg6 29. Kh2 Be6 30. Qxb7 Qf5 31. Qe4 Qxe4 32. fxe4 Rc4 33. Rd4 Rxd4 34. Bxd4 Bb3 35. Kg3 Kf8 36. Kf3 Ke8 37. h4 Kd7 38. Kf4 Ke6 39. h5 Bd1 40. g4 Be2 41. b4 Ke7 42. Bc5+ Ke6 43. Bf8 f6 44. Bxg7 fxe5+ 45. Bxe5 Kf7 46. h6 Kg6 47. g5 Bc4 48. Bf6 Be6 49. e5 Bd7 50. Ke4 1-0

[Event "EOBCC 2020"]
[Site "Online"]
[Date "2020.12.18"]
[Round "3.72"]
[White "Baghdasaryan, Vahe"]
[Black "Shchekachev, Andrei"]
[Result "0-1"]
[WhiteElo "2364"]
[BlackElo "2515"]
[PlyCount "42"]
[EventDate "2020.12.18"]
[EventType "tourn"]
[EventCountry "NET"]

1. e4 Nc6 2. Nf3 d6 3. d4 Nf6 4. Nc3 g6 5. Bc4 Bg7 6. h3 O-O 7. O-O Nxe4 8. Bxf7+ Rxf7 9. Nxe4 d5 10. Neg5 Rf8 11. Re1 Qd6 12. c4 Bf5 13. c5 Qd7 14. g4 Bxg4 15. hxg4 Qxg4+ 16. Kf1 h6 17. Ne5 Nxe5 18. dxe5 Qc4+ 19. Kg1 hxg5 20. Bxg5 e6 21. Rc1 Qb4 0-1

[Event "EOBCC 2020"]
[Site "Online"]
[Date "2020.12.18"]
[Round "3.73"]
[White "Klekowski, Maciej"]
[Black "Meissner, Felix"]
[Result "1-0"]
[WhiteElo "2510"]
[BlackElo "2362"]
[PlyCount "71"]
[EventDate "2020.12.18"]
[EventType "tourn"]
[EventCountry "NET"]

1. e4 c6 2. d4 g6 3. Nc3 d5 4. exd5 cxd5 5. Nf3 Nf6 6. h3 Bg7 7. Bg5 Nc6 8. Bd3 Bf5 9. O-O Bxd3 10. Qxd3 O-O 11. Rfe1 e6 12. Ne5 Rc8 13. Ng4 h5 14. Ne5 Qd6 15. Bf4 Qb4 16. a3 Qxd4 17. Nxc6 Qxf4 18. Ne7+ Kh7 19. Nxc8 Rxc8 20. Ne2 Qa4 21. c3 Ne4 22. Ng3 Nxg3 23. Qxg3 Qb3 24. Re2 a5 25. Qf4 Kg8 26. a4 Rc4 27. Qd6 Rxa4 28. Rae1 Ra2 29. Qd8+ Kh7 30. Qe7 Kg8 31. Qd8+ Kh7 32. Qe8 Rxb2 33. Rxb2 Qxb2 34. Qxf7 Qxc3 35. Rxe6 a4 36. Qxg6+ 1-0

[Event "EOBCC 2020"]
[Site "Online"]
[Date "2020.12.18"]
[Round "3.74"]
[White "Kantans, Toms"]
[Black "Migot, Tangi"]
[Result "0-1"]
[WhiteElo "2501"]
[BlackElo "2353"]
[PlyCount "130"]
[EventDate "2020.12.18"]
[EventType "tourn"]
[EventCountry "NET"]

1. e4 e5 2. Nf3 Nc6 3. Bb5 a6 4. Ba4 Nf6 5. O-O Be7 6. Qe2 b5 7. Bb3 O-O 8. c3 d5 9. d3 Be6 10. Nbd2 h6 11. Re1 Re8 12. Nf1 Bf8 13. h3 Qd7 14. Bc2 d4 15. Bd2 a5 16. a4 b4 17. cxd4 Nxd4 18. Nxd4 Qxd4 19. b3 c5 20. Be3 Qd6 21. Nd2 Nd7 22. Rf1 Be7 23. Kh2 Bg5 24. g3 Bxe3 25. fxe3 Rf8 26. g4 Nb6 27. Rf3 Qe7 28. Raf1 Rad8 29. Qf2 Qd7 30. Qg3 Qd6 31. R1f2 Rfe8 32. Nf1 Nd7 33. Kg1 c4 34. dxc4 Nc5 35. g5 hxg5 36. Qxg5 Rf8 37. Ng3 f6 38. Rxf6 Rxf6 39. Rxf6 Qd2 40. Rf2 Qc1+ 41. Kg2 Rd2 42. Qxe5 Rxf2+ 43. Kxf2 Qxc2+ 44. Kf3 Bxh3 45. Qe8+ Kh7 46. Qh5+ Kg8 47. Qxh3 Nxb3 48. Qe6+ Kh7 49. Nf5 Nd2+ 50. Kf4 Qxc4 51. Qe7 Qf1+ 52. Ke5 Nf3+ 53. Ke6 Qg2 54. e5 Qg6+ 55. Kd7 Qxf5+ 56. Kd8 Nxe5 57. Qh4+ Kg8 58. e4 Qf6+ 59. Qxf6 gxf6 60. Ke7 Kg7 61. Ke6 b3 62. Kf5 b2 63. Ke6 b1=Q 64. Kf5 Qb6 65. Kf4 Qf2# 0-1